L'école de A à Z - Statistiques

Statistiques générales
  • Ce quiz a été pris 1 737 fois
    1 669 depuis la dernière actualisation
  • Le résultat moyen est 18 sur 26
Statistiques - réponses
Indices Réponses % Correct
On y vient pour cela A Apprendre
94%
Durée moyenne d'un cours H Une Heure
91%
L'école des tout-petits M Maternelle
90%
Examen de fin du lycée B Baccalauréat
89%
Le moment de pause R Récréation
87%
Là où l'enseignant écrit T Tableau
87%
Matière pour apprendre comment fonctionnent le monde et les choses S Sciences
83%
Lorsqu'il n'y a pas école V Vacances
83%
On y appelle les enfants comme cela E Elèves
82%
Outil pour représenter la Terre G Globe terrestre
82%
Ancien nom des professeurs d'école I Instituteur Institutrice
81%
Les études supérieures U Université
81%
Jouet qui monte et descend au bout d'un fil Y Yo-yo
81%
Outil qui classe les mots par ordre alphabétique D Dictionnaire
78%
La fête de fin d'année K Kermesse
72%
Ils servent à compter N Nombres
69%
Peut faire le son [gz) ou le son [ks] X X
68%
Servait à écrire jadis P Plume
65%
Pour apprendre à écrire les mots comme il faut O Orthographe
63%
Une roche qui sert à écrire C Craie
61%
Coiffure pratique pour éviter les poux Q Queue de cheval
61%
Ministre qui institua l'école gratuite et obligatoire en 1881 J Jules Ferry
49%
Défaut de langue des petits Z Zézayer Zézaiement Zozoter
45%
En mathématiques, sert à désigner une partie d'un tout F Fraction
44%
Lycée professionnel L LEP
11%
Psychologue et théoricien du développement de l'enfant. A signé avec Langevin une réforme de l'enseignement en 1947 W Henri Wallon
7%
Aucun quiz correspondant
Distribution des résultats
% des personnes avec chaque résultat
Percentile par nombre de réponses
Votre historique - résultats
Vous n’avez pas pris ce quiz depuis la dernière actualisation